00305nam a22001097a 4500008004100000020001500041082002600056100001300082245004600095260004500141300000900186230623b xxu||||| |||| 00| 0 eng d a0091182603 24a330.91724bHM 1974 ch. Myint aThe Economics of the Developing Countries aLondonbHutchinson & Co Publishersc1973 a153p